Instrumentaliçâo para EAD /

Guardado en:
Autor Principal: Rodrigues, Elisângela Campos.
Formato: Libro
Idioma:Portuguese
Publicado: Curitiba : IESDE Brasil, c2009.
Materias:
Etiquetas: Agregar Etiqueta
Sin Etiquetas, Sea el primero en etiquetar este registro!
LEADER 00710nam a22001935a 4500
001 EAD.ead003844
008 150807s2009####bl#######b####000#0#por#d
005 20241205164111.0
245 1 0 |a Instrumentaliçâo para EAD /  |c Elisângela Campos Rodrigues. 
260 |a Curitiba :  |b IESDE Brasil,  |c c2009. 
300 |a [74] p. ;  |c 24 cm. +  |e 1 DVD. 
504 |a Incluye referencias bibliográficas. 
020 |a 9788538712664 
100 1 |a Rodrigues, Elisângela Campos. 
082 0 4 |a 371.35  |2 21 
650 7 |a Educación.  |2 unbist 
650 7 |a Enseñanza a distancia.  |2 unbist 
859 |a AR-BaBDC  |b BIB. ADMINISTRACION - Libros  |h 371.35  |i R618  |p b06660 
859 |a AR-BaBDC  |b BIB. ADMINISTRACION - Libros  |h 371.35  |i R618  |p b06661  |v DVD  |3 DVD